| 000 | 00435 a2200169 4500 | ||
|---|---|---|---|
| 005 | 20250329112113.0 | ||
| 008 | 250305b |||||||| |||| 00| 0 eng d | ||
| 020 | _a9780849392177 | ||
| 080 |
_a517.956 _bALO/L |
||
| 100 | _aAlok Sinha | ||
| 245 |
_aLinear systems _b: optimal and robust control |
||
| 260 |
_bCRC Press _aBoca Raton _c2009 |
||
| 300 | _a472p. | ||
| 653 | _aLinear systems | ||
| 653 | _aControl theory | ||
| 942 | _cBK | ||
| 999 |
_c114035 _d114034 |
||